[Event "SWE-chT 2122 Elite"]
[Site "Sweden"]
[Date "2022.05.13"]
[Round "7.4"]
[White "Hammer, Jon Ludvig"]
[Black "Tikkanen, Hans"]
[Result "1-0"]
[WhiteElo "2627"]
[BlackElo "2492"]
[PlyCount "55"]
[EventDate "2021.12.03"]
[EventType "team-tourn"]
[EventRounds "9"]
[EventCountry "SWE"]
[SourceTitle "EXT 2023"]
[Source "ChessBase"]
[SourceDate "2022.10.05"]
[SourceVersion "1"]
[SourceVersionDate "2022.10.05"]
[SourceQuality "1"]
[WhiteTeam "Stockholm Rockaden"]
[BlackTeam "Lunds"]
[WhiteTeamCountry "SWE"]
[BlackTeamCountry "SWE"]

1. e4 c6 2. Nf3 d5 3. d3 g6 4. exd5 cxd5 5. d4 Nc6 6. c3 Nf6 7. Bd3 Bf5 8. Bxf5 gxf5 9. Bf4 e6 10. Bg5 Be7 11. Bxf6 Bxf6 12. a4 Qc7 13. 0-0 Qf4 14. a5 a6 15. b4 Rc8 16. Na3 Rg8 17. Kh1 h5 18. Rc1 Be7 19. Nc2 h4 20. h3 Bd6 21. Nce1 Nxb4 22. Rb1 Nc6 23. Nd3 Qh6 24. Rxb7 f4 25. Rg1 Qh7 26. Rb6 Kd7 27. Qb1 Ke7 28. Rxc6 1-0

[Event "SWE-chT Group 4 Qualifier"]
[Site "Lund"]
[Date "2021.10.01"]
[Round "1.3"]
[White "Haubro, Martin"]
[Black "Tikkanen, Hans"]
[Result "1/2-1/2"]
[WhiteElo "2426"]
[BlackElo "2498"]
[PlyCount "59"]
[EventDate "2021.10.01"]
[EventType "team-tourn"]
[EventRounds "3"]
[EventCountry "SWE"]
[SourceTitle "CBM 204 Extra"]
[Source "ChessBase"]
[SourceDate "2021.11.30"]
[SourceVersion "1"]
[SourceVersionDate "2021.11.30"]
[SourceQuality "1"]
[WhiteTeam "Limhamn"]
[BlackTeam "Lunds"]
[WhiteTeamCountry "SWE"]
[BlackTeamCountry "SWE"]

1. e4 c6 2. d4 d5 3. e5 c5 4. dxc5 e6 5. a3 Bxc5 6. b4 Be7 7. Qg4 g6 8. Bd3 Nc6 9. Bb2 f6 10. f4 fxe5 11. fxe5 Nh6 12. Qe2 0-0 13. Nf3 Qb6 14. Nbd2 a5 15. b5 a4 16. Rb1 Na5 17. Bd4 Bc5 18. Qe3 Bxd4 19. Qxd4 Qxd4 20. Nxd4 Bd7 21. Rb4 b6 22. Rxa4 Ng4 23. N2f3 Ne3 24. Kf2 Nac4 25. Rxa8 Rxa8 26. Re1 Ng4+ 27. Kg3 Nge3 28. Kf2 Ng4+ 29. Kg3 Nge3 30. Kf2 1/2-1/2

[Event "Malmo Torso"]
[Site "Malmo"]
[Date "2019.11.30"]
[Round "1"]
[White "Hellers, Ferdinand"]
[Black "Tikkanen, Hans"]
[Result "1-0"]
[WhiteElo "2595"]
[BlackElo "2503"]
[PlyCount "61"]
[EventDate "2019.11.30"]
[EventType "tourn (rapid)"]
[EventRounds "14"]
[EventCountry "SWE"]
[EventCategory "11"]
[SourceTitle "CBM 193 Extra"]
[Source "ChessBase"]
[SourceDate "2020.01.31"]
[SourceVersion "1"]
[SourceVersionDate "2020.01.31"]
[SourceQuality "1"]

1. e4 c6 2. d4 d5 3. Nc3 dxe4 4. Nxe4 Nf6 5. Nxf6+ exf6 6. c3 Bd6 7. Bd3 0-0 8. Qc2 h5 9. Ne2 Re8 10. Be3 Nd7 11. 0-0-0 Nf8 12. Nf4 g6 13. h3 Qc7 14. g3 b5 15. Rhe1 a5 16. Kb1 a4 17. a3 Re7 18. d5 Bb7 19. Bf1 Rae8 20. dxc6 Bxf4 21. cxb7 Bxe3 22. Bxb5 Bxf2 23. Qxf2 Rxe1 24. Rxe1 Rxe1+ 25. Qxe1 Qxb7 26. Bxa4 Ne6 27. Bc2 Qg2 28. h4 f5 29. a4 f4 30. gxf4 Nxf4 31. Qe8+ 1-0

[Event "Malmo Torso"]
[Site "Malmo"]
[Date "2019.11.30"]
[Round "14"]
[White "Tikkanen, Hans"]
[Black "Hector, Jonny"]
[Result "1-0"]
[WhiteElo "2503"]
[BlackElo "2478"]
[PlyCount "81"]
[EventDate "2019.11.30"]
[EventType "tourn (rapid)"]
[EventRounds "14"]
[EventCountry "SWE"]
[EventCategory "11"]
[SourceTitle "CBM 193 Extra"]
[Source "ChessBase"]
[SourceDate "2020.01.31"]
[SourceVersion "1"]
[SourceVersionDate "2020.01.31"]
[SourceQuality "1"]

1. d4 d5 2. Nf3 Nf6 3. e3 c6 4. c4 Bf5 5. Nc3 e6 6. Qb3 Qb6 7. Be2 Nbd7 8. Qxb6 axb6 9. cxd5 exd5 10. Bd2 b5 11. Nh4 Be6 12. Bd3 g6 13. g3 Nb6 14. b3 Ba3 15. Rb1 Ke7 16. Ke2 Bd6 17. Rb2 b4 18. Nd1 Ra3 19. Bb1 Rha8 20. f3 Nc8 21. Nf2 b6 22. Rc2 c5 23. Nd3 R8a5 24. Rhc1 Nd7 25. Nxb4 cxb4 26. Rxc8 Ra8 27. R8c6 Nf6 28. Rxb6 R3a6 29. Rb7+ Kf8 30. Bxb4 Bxb4 31. Rxb4 Ra3 32. g4 Ne8 33. Ng2 g5 34. Ne1 h6 35. Nd3 Nd6 36. Rb6 Nc8 37. Rbc6 Ne7 38. Rc7 Ng6 39. Nc5 R8a7 40. Rxa7 Rxa7 41. Nxe6+ 1-0

[Event "WchT 12th"]
[Site "Astana"]
[Date "2019.03.07"]
[Round "3.18"]
[White "Tikkanen, Hans"]
[Black "Idani, Pouya"]
[Result "1/2-1/2"]
[WhiteElo "2510"]
[BlackElo "2604"]
[PlyCount "96"]
[EventDate "2019.03.05"]
[EventType "team-tourn"]
[EventRounds "9"]
[EventCountry "KAZ"]
[SourceTitle "CBM 189"]
[Source "ChessBase"]
[SourceDate "2019.04.29"]
[SourceVersion "1"]
[SourceVersionDate "2019.04.29"]
[SourceQuality "1"]
[WhiteTeam "Sweden"]
[BlackTeam "Iran"]
[WhiteTeamCountry "SWE"]
[BlackTeamCountry "IRI"]

1. Nf3 f5 2. d3 d6 3. c4 e5 4. Nc3 Nf6 5. g3 Be7 6. Bg2 0-0 7. 0-0 a5 8. a3 Qe8 9. Nd5 Nxd5 10. cxd5 a4 11. b4 c6 12. Nd2 b5 13. Nb1 Bb7 14. Nc3 Na6 15. dxc6 Bxc6 16. Nd5 Rc8 17. Bb2 Qf7 18. Nxe7+ Qxe7 19. Rc1 Bxg2 20. Kxg2 Qb7+ 21. f3 Rxc1 22. Qxc1 f4 23. e4 fxe3 24. Qxe3 Nc7 25. d4 Nd5 26. Qd3 exd4 27. Bxd4 Ne7 28. Re1 Nf5 29. Bf2 h5 30. Rd1 Ne7 31. Qe4 Qd7 32. Re1 Nf5 33. Qd5+ Qf7 34. Rd1 Re8 35. Qxb5 Re3 36. Qd5 Rxa3 37. Qa8+ Kh7 38. Qe4 Qg6 39. Rd5 Ne3+ 40. Bxe3 Qxe4 41. fxe4 Rxe3 42. Rxh5+ Kg6 43. Ra5 Rxe4 44. Rxa4 Re2+ 45. Kf3 Rxh2 46. Ra3 Rb2 47. Rd3 Rxb4 48. Rxd6+ Kf7 1/2-1/2

[Event "Malmo Stella Limhamn"]
[Site "Malmo"]
[Date "2018.12.01"]
[Round "6"]
[White "Tikkanen, Hans"]
[Black "Hillarp Persson, Tiger"]
[Result "0-1"]
[WhiteElo "2519"]
[BlackElo "2546"]
[PlyCount "77"]
[EventDate "2018.12.01"]
[EventType "tourn (rapid)"]
[EventRounds "7"]
[EventCountry "SWE"]
[EventCategory "12"]
[SourceTitle "CBM 187 Extra"]
[Source "ChessBase"]
[SourceDate "2018.11.04"]
[SourceVersion "1"]
[SourceVersionDate "2018.11.04"]
[SourceQuality "1"]

1. d4 Nf6 2. Nf3 g6 3. e3 Bg7 4. Be2 0-0 5. c4 c5 6. d5 e6 7. Nc3 exd5 8. cxd5 d6 9. 0-0 Na6 10. e4 Re8 11. Nd2 Rb8 12. Re1 Nc7 13. a4 a6 14. a5 Bd7 15. Bf3 Bb5 16. Qb3 Nd7 17. Nc4 Bxc4 18. Qxc4 Ne5 19. Qf1 Nxf3+ 20. gxf3 b5 21. axb6 Rxb6 22. Ra2 Qh4 23. Be3 f5 24. Qg2 f4 25. Bc1 Re5 26. Kh1 Rg5 27. Qf1 Be5 28. Ra3 Rb8 29. h3 Qh5 30. Ne2 Rf8 31. Ng1 Nb5 32. Rxa6 Nd4 33. Ra3 Rxg1+ 34. Kxg1 Nxf3+ 35. Rxf3 Qxf3 36. Qg2 Qd3 37. f3 Rb8 38. Re2 Rb3 39. Re1 0-1

[Event "Malmo Stella Limhamn"]
[Site "Malmo"]
[Date "2018.12.01"]
[Round "3"]
[White "Tikkanen, Hans"]
[Black "Semcesen, Daniel"]
[Result "0-1"]
[WhiteElo "2519"]
[BlackElo "2464"]
[PlyCount "128"]
[EventDate "2018.12.01"]
[EventType "tourn (rapid)"]
[EventRounds "7"]
[EventCountry "SWE"]
[EventCategory "12"]
[SourceTitle "CBM 187 Extra"]
[Source "ChessBase"]
[SourceDate "2018.11.04"]
[SourceVersion "1"]
[SourceVersionDate "2018.11.04"]
[SourceQuality "1"]

1. d4 d5 2. Bf4 Bf5 3. c4 e6 4. cxd5 exd5 5. Qb3 Nc6 6. Nf3 Nb4 7. Na3 c6 8. e3 Qa5 9. Nd2 Nf6 10. f3 Be7 11. g4 Bg6 12. h4 h6 13. Be2 Nd7 14. Bg3 Nb6 15. 0-0 Nc2 16. Nxc2 Qxd2 17. Bd1 0-0 18. Rf2 Qa5 19. Be2 Rfe8 20. Ne1 Bf8 21. Ng2 Qb4 22. Qxb4 Bxb4 23. a3 Bf8 24. Rc1 a5 25. Bc7 Nc8 26. Rc3 Nd6 27. Nf4 Bh7 28. Bf1 a4 29. Ng2 Rec8 30. Bb6 Re8 31. Bc5 Rac8 32. Rd2 Rcd8 33. Rd1 Ra8 34. Rdc1 g5 35. hxg5 hxg5 36. Kf2 Bg6 37. Be2 Kg7 38. Rh1 f6 39. Rcc1 Be7 40. Ne1 Rh8 41. Rxh8 Rxh8 42. Kg2 Kf7 43. Bxd6 Bxd6 44. Kg1 f5 45. Bd3 fxg4 46. fxg4 Rh4 47. Bxg6+ Kxg6 48. Nf3 Rxg4+ 49. Kf2 Re4 50. Rg1 Be7 51. Ne5+ Kf5 52. Rh1 Rh4 53. Rxh4 gxh4 54. Kf3 Bd6 55. Ng4 Kg5 56. Nf2 Bg3 57. Nd3 Bd6 58. Nf2 Kf5 59. e4+ dxe4+ 60. Nxe4 Be7 61. Nc3 Bf6 62. Ne2 Bg7 63. Nc3 Bxd4 64. Nxa4 b5 0-1

[Event "Olympiad-43"]
[Site "Batumi"]
[Date "2018.10.05"]
[Round "11.2"]
[White "Tikkanen, Hans"]
[Black "Bosiocic, Marin"]
[Result "1/2-1/2"]
[WhiteElo "2520"]
[BlackElo "2600"]
[PlyCount "62"]
[EventDate "2018.09.24"]
[EventType "team-swiss"]
[EventRounds "11"]
[EventCountry "GEO"]
[SourceTitle "CBM 187"]
[Source "ChessBase"]
[SourceDate "2018.12.11"]
[SourceVersion "1"]
[SourceVersionDate "2018.12.11"]
[SourceQuality "1"]
[WhiteTeam "Sweden"]
[BlackTeam "Croatia"]
[WhiteTeamCountry "SWE"]
[BlackTeamCountry "CRO"]

1. d4 Nf6 2. Nf3 d5 3. Bf4 e6 4. e3 Bd6 5. c3 0-0 6. Bd3 b6 7. 0-0 Ba6 8. Bxa6 Nxa6 9. Qd3 Nb8 10. Bxd6 cxd6 11. Nbd2 Nbd7 12. c4 dxc4 13. Nxc4 Qc7 14. Rfc1 Rac8 15. Rc2 d5 16. Na3 Qb7 17. Rac1 a6 18. Nd2 Rfd8 19. Nab1 Ne8 20. a4 Rxc2 21. Rxc2 Rc8 22. Rxc8 Qxc8 23. Qc3 Qxc3 24. Nxc3 a5 25. b4 axb4 26. Na2 Kf8 27. Nxb4 Ke7 28. Kf1 Kd6 29. Ke2 f6 30. Nb3 Nc7 31. a5 bxa5 1/2-1/2

[Event "Olympiad-43"]
[Site "Batumi"]
[Date "2018.10.03"]
[Round "9.2"]
[White "Tikkanen, Hans"]
[Black "Hjartarson, Johann"]
[Result "1/2-1/2"]
[WhiteElo "2520"]
[BlackElo "2530"]
[PlyCount "88"]
[EventDate "2018.09.24"]
[EventType "team-swiss"]
[EventRounds "11"]
[EventCountry "GEO"]
[SourceTitle "CBM 187"]
[Source "ChessBase"]
[SourceDate "2018.12.11"]
[SourceVersion "1"]
[SourceVersionDate "2018.12.11"]
[SourceQuality "1"]
[WhiteTeam "Sweden"]
[BlackTeam "Iceland"]
[WhiteTeamCountry "SWE"]
[BlackTeamCountry "ISL"]

1. d4 Nf6 2. c4 e6 3. Nc3 d5 4. cxd5 exd5 5. Bg5 c6 6. e3 Be7 7. Qc2 Nbd7 8. Bd3 Nh5 9. Bxe7 Qxe7 10. 0-0-0 Nb6 11. Kb1 g6 12. h3 Ng7 13. g4 Bd7 14. Nf3 0-0-0 15. Ne5 Be8 16. h4 f6 17. Nf3 Kb8 18. Rdg1 Nc8 19. h5 gxh5 20. gxh5 Nxh5 21. Rh2 Nd6 22. Rgh1 Qe6 23. Qd1 Ng7 24. Rxh7 Rg8 25. Ne2 Bf7 26. Qg1 Nge8 27. Qh2 Bg6 28. Bxg6 Rxg6 29. Nf4 Qe4+ 30. Ka1 Rg7 31. Nd2 Qf5 32. Rh8 Rc8 33. Rc1 b6 34. Nh5 Rgc7 35. Nf4 Nf7 36. Qh3 Qxh3 37. Rxh3 Ng5 38. Rh6 Rf7 39. Kb1 Nd6 40. Rg1 Nde4 41. Nxe4 Nxe4 42. Rg2 Kb7 43. Nh5 Rcf8 44. Kc2 c5 1/2-1/2

[Event "Deltalift op"]
[Site "Tylosand"]
[Date "2018.05.10"]
[Round "4"]
[White "Tikkanen, Hans"]
[Black "Rydstrom, Tom"]
[Result "1-0"]
[WhiteElo "2492"]
[BlackElo "2324"]
[PlyCount "63"]
[EventDate "2018.05.10"]
[EventType "swiss"]
[EventRounds "8"]
[EventCountry "SWE"]
[SourceTitle "CBM 184 Extra"]
[Source "ChessBase"]
[SourceDate "2018.06.28"]
[SourceVersion "1"]
[SourceVersionDate "2018.06.28"]
[SourceQuality "1"]

1. d4 d5 2. Nf3 Nf6 3. e3 Bf5 4. c4 c6 5. Nc3 e6 6. Nh4 Be4 7. f3 Bg6 8. Qb3 Qc7 9. Bd2 Nbd7 10. cxd5 exd5 11. 0-0-0 b5 12. Nxg6 hxg6 13. Qc2 b4 14. Na4 Be7 15. Kb1 0-0 16. Rc1 Nb6 17. Bb5 Rfc8 18. Ba6 Rcb8 19. Nc5 Nc8 20. Qa4 Nb6 21. Qa5 Ne8 22. Bxb4 Nd6 23. b3 Qd8 24. Ka1 Qe8 25. Rhe1 Bd8 26. Qa3 Nb5 27. Qb2 Be7 28. Ba5 Nc7 29. Bb7 Bxc5 30. Bxa8 Nc4 31. Rxc4 dxc4 32. Bxc7 1-0

[Event "SWE-chT 1718 Elite"]
[Site "Sweden"]
[Date "2018.02.18"]
[Round "6"]
[White "Jepson, Christian"]
[Black "Tikkanen, Hans"]
[Result "1/2-1/2"]
[WhiteElo "2417"]
[BlackElo "2516"]
[PlyCount "191"]
[EventDate "2017.10.20"]
[EventType "team-tourn"]
[EventRounds "9"]
[EventCountry "SWE"]
[SourceTitle "EXT 2019"]
[Source "ChessBase"]
[SourceDate "2018.10.10"]
[SourceVersion "1"]
[SourceVersionDate "2018.10.10"]
[SourceQuality "1"]
[WhiteTeam "Limhamn"]
[BlackTeam "Lunds"]
[WhiteTeamCountry "SWE"]
[BlackTeamCountry "SWE"]

1. d4 d5 2. Nf3 Nf6 3. c4 c6 4. Nc3 dxc4 5. a4 Bf5 6. e3 e6 7. Bxc4 Bb4 8. 0-0 0-0 9. Qe2 Bg4 10. h3 Bh5 11. Rd1 Nbd7 12. e4 Qe7 13. g4 Bg6 14. Bg5 e5 15. d5 h6 16. Bh4 Bh7 17. a5 a6 18. dxc6 bxc6 19. Bxa6 Nc5 20. Bc4 Bxa5 21. Qe3 Bb6 22. Rxa8 Rxa8 23. g5 hxg5 24. Qxg5 Re8 25. Qg2 Ncxe4 26. Nxe4 Bxe4 27. Re1 Qb4 28. Bxf7+ Kxf7 29. Ng5+ Kg8 30. Rxe4 Nxe4 31. Nxe4 Bd8 32. Qg6 Qf8 33. Bxd8 Rxd8 34. Kg2 Qf7 35. Qxc6 Rf8 36. Kg1 Qf5 37. Qd5+ Kh8 38. Qd3 Qg6+ 39. Kh2 Qf5 40. Kg2 Qg6+ 41. Kh2 Rf4 42. f3 Rf8 43. Qe2 Rc8 44. Qd2 Qf5 45. Kg3 Rf8 46. Qd3 Qf4+ 47. Kg2 Rc8 48. b3 Qc1 49. Nf2 Qg5+ 50. Ng4 Rd8 51. Qe4 Rd2+ 52. Kg3 Rd4 53. h4 Qf4+ 54. Qxf4 exf4+ 55. Kh3 Rd3 56. Ne5 Re3 57. Nf7+ Kh7 58. Kg4 Rxb3 59. Ng5+ Kh6 60. Ne6 Kg6 61. Nxf4+ Kf6 62. Nh5+ Kf7 63. Nf4 Rb1 64. Nh3 Kf6 65. Kg3 Kf5 66. Kg2 Rb4 67. Kg3 Ke5 68. Ng5 Ra4 69. Ne4 Ra1 70. Ng5 Ra4 71. Ne4 Ra6 72. Ng5 Kd4 73. Kg4 Ke3 74. f4 Kd4 75. Nf3+ Ke4 76. Ng5+ Kd5 77. h5 Kd6 78. Kf5 Ke7 79. Ne4 Kf7 80. Ng5+ Kg8 81. Kg4 Ra5 82. Kh4 Ra1 83. Kg4 Rh1 84. Nf3 Kf7 85. Kg5 Rf1 86. Ne5+ Ke6 87. Ng4 Rg1 88. f5+ Kd5 89. f6 gxf6+ 90. Kxf6 Rxg4 91. h6 Rh4 92. Kg7 Ke6 93. h7 Rg4+ 94. Kf8 Rh4 95. Kg7 Rxh7+ 96. Kxh7 1/2-1/2

[Event "Vaxjo op"]
[Site "Vaxjo"]
[Date "2018.02.11"]
[Round "8"]
[White "Storme, Isak"]
[Black "Tikkanen, Hans"]
[Result "1-0"]
[WhiteElo "2213"]
[BlackElo "2499"]
[PlyCount "87"]
[EventDate "2018.02.09"]
[EventType "swiss"]
[EventRounds "8"]
[EventCountry "SWE"]
[SourceTitle "CBM 182 Extra"]
[Source "ChessBase"]
[SourceDate "2018.02.23"]
[SourceVersion "1"]
[SourceVersionDate "2018.02.23"]
[SourceQuality "1"]

1. d4 d5 2. c4 c6 3. Nf3 Nf6 4. Nc3 dxc4 5. a4 Bf5 6. e3 e6 7. Bxc4 Bb4 8. 0-0 0-0 9. Qe2 Bg4 10. h3 Bh5 11. Rd1 Nbd7 12. e4 Qe7 13. Bg5 h6 14. Bh4 e5 15. d5 g5 16. Bg3 Nb6 17. Bb3 cxd5 18. Nxd5 Nfxd5 19. Bxd5 Nxd5 20. Rxd5 f6 21. Rad1 Be8 22. b3 Bc6 23. R5d3 Qh7 24. Re3 Qf7 25. Red3 b5 26. a5 Rac8 27. h4 Bxa5 28. hxg5 hxg5 29. Bxe5 Qg6 30. Nxg5 fxg5 31. b4 Bb6 32. Qa2+ Qf7 33. Rd7 Bxd7 34. Rxd7 Rc4 35. Rxf7 Rxf7 36. Bg3 Rd7 37. e5 Rd3 38. Kh2 Rd7 39. Qb3 g4 40. Qb1 Rc6 41. Bh4 Rh7 42. g3 Bd8 43. Qe4 Rcc7 44. Qd5+ 1-0

[Event "Vaxjo op"]
[Site "Vaxjo"]
[Date "2018.02.10"]
[Round "5"]
[White "Tikkanen, Hans"]
[Black "Ernst, Thomas"]
[Result "1/2-1/2"]
[WhiteElo "2499"]
[BlackElo "2369"]
[PlyCount "65"]
[EventDate "2018.02.09"]
[EventType "swiss"]
[EventRounds "8"]
[EventCountry "SWE"]
[SourceTitle "CBM 182 Extra"]
[Source "ChessBase"]
[SourceDate "2018.02.23"]
[SourceVersion "1"]
[SourceVersionDate "2018.02.23"]
[SourceQuality "1"]

1. d4 Nf6 2. Nf3 g6 3. c4 Bg7 4. e3 0-0 5. Be2 c5 6. d5 d6 7. Nc3 e6 8. 0-0 exd5 9. cxd5 Na6 10. Nd2 Nc7 11. e4 Re8 12. a4 b6 13. Bb5 Nxb5 14. axb5 Ng4 15. h3 Ne5 16. Qe2 f5 17. f4 Nf7 18. Qf3 Nh6 19. Nc4 fxe4 20. Nxe4 Nf5 21. Qd3 Rxe4 22. Qxe4 Ng3 23. Qe1 Nxf1 24. Kxf1 Bd7 25. Ra2 Qf6 26. b3 Re8 27. Qd2 Bxb5 28. Rxa7 Qd4 29. Qxd4 cxd4 30. Bd2 Bxc4+ 31. bxc4 d3 32. Ra3 Re4 33. Rxd3 1/2-1/2

[Event "Vaxjo op"]
[Site "Vaxjo"]
[Date "2018.02.10"]
[Round "6"]
[White "Vernersson, Per"]
[Black "Tikkanen, Hans"]
[Result "1/2-1/2"]
[WhiteElo "2290"]
[BlackElo "2499"]
[PlyCount "48"]
[EventDate "2018.02.09"]
[EventType "swiss"]
[EventRounds "8"]
[EventCountry "SWE"]
[SourceTitle "CBM 182 Extra"]
[Source "ChessBase"]
[SourceDate "2018.02.23"]
[SourceVersion "1"]
[SourceVersionDate "2018.02.23"]
[SourceQuality "1"]

1. d4 d5 2. c4 c6 3. Nc3 Nf6 4. Nf3 dxc4 5. a4 Bf5 6. Ne5 Nbd7 7. Nxc4 Qc7 8. g3 e5 9. dxe5 Nxe5 10. Bf4 Nfd7 11. Bg2 f6 12. 0-0 g5 13. Nxe5 gxf4 14. Nxd7 Qxd7 15. Qxd7+ Kxd7 16. Rfd1+ Bd6 17. Ne4 Bxe4 18. Bxe4 Kc7 19. Rd2 Rad8 20. Rad1 fxg3 21. hxg3 Be5 22. Rxd8 Rxd8 23. Rxd8 Kxd8 24. b3 h6 1/2-1/2

[Event "Vaxjo op"]
[Site "Vaxjo"]
[Date "2018.02.09"]
[Round "3"]
[White "Tikkanen, Hans"]
[Black "Harren, Mats"]
[Result "1-0"]
[WhiteElo "2499"]
[BlackElo "2122"]
[PlyCount "61"]
[EventDate "2018.02.09"]
[EventType "swiss"]
[EventRounds "8"]
[EventCountry "SWE"]
[SourceTitle "CBM 182 Extra"]
[Source "ChessBase"]
[SourceDate "2018.02.23"]
[SourceVersion "1"]
[SourceVersionDate "2018.02.23"]
[SourceQuality "1"]

1. d4 Nf6 2. Nf3 c5 3. e3 e6 4. Bd3 b6 5. 0-0 Bb7 6. b3 cxd4 7. exd4 Be7 8. Bb2 0-0 9. Nbd2 d5 10. Qe2 Nbd7 11. a3 Rc8 12. Rad1 Nh5 13. g3 g6 14. Ne5 Nxe5 15. dxe5 Qc7 16. Nf3 Ng7 17. Nd4 Rfd8 18. g4 Bc5 19. f4 a6 20. b4 Bf8 21. f5 exf5 22. gxf5 Re8 23. Rde1 a5 24. c3 Nh5 25. f6 Bh6 26. Bb5 Nf4 27. Qe3 Rxe5 28. Qxe5 Qxe5 29. Rxe5 Nh3+ 30. Kg2 Ng5 31. Bc1 1-0